| 000 | 00737nam a2200205 a 4500 | ||
|---|---|---|---|
| 001 | 000009235 | ||
| 005 | 20240412074210.0 | ||
| 008 | 090929s2009 dr 001 0 spa d | ||
| 040 | _aDO-SdBNP | ||
| 082 |
_aRD863.5 _bF954i |
||
| 100 | 1 |
_aFuentes, Belkis _923932 |
|
| 245 | 1 | 0 |
_aInspiraciones, éxitos y realidades / _cBelkis Fuentes. |
| 260 |
_aLa Vega, República Dominicana : _bEstrellas, _c2009. |
||
| 300 |
_a60 p. : _bil. ; _c22 cm. |
||
| 500 | _aIncluye datos biográficos de la autora en la página seis | ||
| 500 | _aEl mundo está en las manos de aquellos que tienen el coraje de soñar y correr el riesgo de vivir sus sueños | ||
| 650 | 0 |
_aCuentos dominicanos _9176 |
|
| 650 | 0 |
_aLiteratura dominicana. _967 |
|
| 049 | _aBNPD | ||
| 999 |
_c8998 _d8998 |
||